| 000 | 00414nam a22001217a 4500 | ||
|---|---|---|---|
| 082 | _a200 THE | ||
| 100 |
_aHafiz Muhammad Yousuf Khan _969826 |
||
| 245 | _aTH-SOF-1699-Optimized fabrication and structural properties of well aligned metallic nanowires | ||
| 260 |
_aISLAMABAD _bNUST COLLEGE OF EME _c2019 |
||
| 650 |
_aMS-ELECT-2015 MSTHESIS _969477 |
||
| 700 |
_aSupervisor Dr.Saifullah Awan _969827 |
||
| 942 | _cCF | ||
| 999 |
_c576937 _d576937 |
||